[Event "Armenia Quindio op"]
[Site "Armenia"]
[Date "2024.04.07"]
[Round "5"]
[White "Villada Londono, Thomas"]
[Black "Garcia Sanchez, Jose Anibal"]
[Result "0-1"]
[WhiteElo "1500"]
[BlackElo "1595"]
[PlyCount "34"]
[EventDate "2024.04.06"]
[EventType "swiss"]
[EventRounds "6"]
[EventCountry "COL"]
[SourceTitle "CB16_2024"]
[SourceDate "2024.04.17"]
[SourceVersion "1"]
[SourceVersionDate "2024.04.17"]
[SourceQuality "1"]

1. e4 e5 2. Nc3 Nc6 3. g3 Nf6 4. Bg2 Bc5 5. d3 d6 6. Nf3 a6 7. 0-0 0-0 8. b3 Bg4 9. Bb2 Ne7 10. Qe2 h6 11. a4 Bxf3 12. Bxf3 Bd4 13. Rfe1 c5 14. h4 Ng6 15. Nd5 Nxd5 16. exd5 f5 17. Bxd4 cxd4 0-1